00401nam a2200133 a 4500008004100000050001400041100002100055245006900076260004400145300002100189350000900210650003500219650001300254120416s1960 ||||||||||||||||| || u aJF 51 Pol aColeman, James S14aThe politics of the developing areascedited by James S. Coleman aPrinceton, N.J.bUniversity pressc1960 axii, 591p. : ill a0.00 aPOLITICS--DEVELOPING COUNTRIES aPOLITICS